Sports Quiz

Random Sports or Country Quiz

Foreign-born England players (since 1997) Quiz Stats

Quiz not verified by Sporcle

Challenge
Share
Tweet
Embed
Score 0/16 Timer 08:00
0 Plays Today
Country Answer % Correct
JamaicaRaheem Sterling
63.4%
CanadaOwen Hargreaves
61%
Ivory CoastWilfried Zaha
58.5%
Burundi Saido Berahino
34.1%
NigeriaVictor Moses
24.4%
Democratic Republic of the CongoFabrice Muamba
17.1%
GuernseyMatthew Le Tissier
12.2%
JerseyGraeme Le Saux
9.8%
Country Answer % Correct
Sierra LeoneNathaniel Chalobah
9.8%
NigeriaShola Ameobi
7.3%
NigeriaNedum Onuoha
7.3%
ScotlandDominic Matteo
7.3%
South AfricaAndrew Surman
7.3%
Democratic Republic of the CongoLeroy Lita
4.9%
JamaicaZavon Hines
4.9%
Trinidad and TobagoJlloyd Samuel
4.9%

You're not logged in!

Compare scores with friends on all Sporcle quizzes.
Sign Up with Email
OR
Log In

You Might Also Like...

Show Comments

Extras

Top Quizzes Today


Score Distribution

Your Account Isn't Verified!

In order to create a playlist on Sporcle, you need to verify the email address you used during registration. Go to your Sporcle Settings to finish the process.

Report this User

Report this user for behavior that violates our Community Guidelines.

Details: